UBT Library

The New American Roget's college thesaurus in dictionary form. (Record no. 45211)

000 -LEADER
fixed length control field 00608cam a22002051 4500
001 - CONTROL NUMBER
control field 1693523
005 - DATE AND TIME OF LATEST TRANSACTION
control field 20180316044036.0
008 - FIXED-LENGTH DATA ELEMENTS--GENERAL INFORMATION
fixed length control field 730116s1958 nyu 000 0 eng
010 ## - LIBRARY OF CONGRESS CONTROL NUMBER
LC control number 58000159
040 ## - CATALOGING SOURCE
Original cataloging agency DLC
Transcribing agency DLC
Modifying agency DLC
041 ## - LANGUAGE CODE
Language code of text/sound track or separate title eng
080 ## - UNIVERSAL DECIMAL CLASSIFICATION NUMBER
Universal Decimal Classification number 423.1 ROG
082 00 - DEWEY DECIMAL CLASSIFICATION NUMBER
Classification number 423.1 ROG
100 ## - Rafti
Rafti 23
101 ## - Shkurtesa
Shkurtesa FJA
245 04 - TITLE STATEMENT
Title The New American Roget's college thesaurus in dictionary form.
Statement of responsibility, etc [Prepared and edited by the National Lexicographic Board.
740 ## - ADDED ENTRY--UNCONTROLLED RELATED/ANALYTICAL TITLE
Uncontrolled related/analytical title Roget's college thesaurus in dictionary form.
906 ## - LOCAL DATA ELEMENT F, LDF (RLIN)
a 7
b cbc
c orignew
d u
e ocip
f 19
g y-gencatlg
942 ## - ADDED ENTRY ELEMENTS (KOHA)
Source of classification or shelving scheme
Item type Books
Holdings
Withdrawn status Lost status Source of classification or shelving scheme Damaged status Not for loan Collection code Permanent location Current location Shelving location Date acquired Total Checkouts Full call number Barcode Date last seen Price effective from Koha item type
          Koleksioni i përgjithshem UBT - Lipjan UBT - Lipjan Koleksioni i përgjithshem 03/16/2018   423.1 ROG 002-3001610 03/16/2018 03/16/2018 Books
UBT Library © 2015-2024. All rights reserved University Education for Business and Technology